50 Najlepszych drużyn według rankingu FIFA - Statystyki

Ogólne statystyki
  • Ten quiz został rozwiązany 116 razy
  • Średni wynik to 41 z 50
Statystyki odpowiedzi
Punkty Reprezentacja % Poprawnych
1532 Polska
100%
1834 Anglia
98%
1760 Brazylia
98%
1877 Hiszpania
98%
1873 Argentyna
96%
1870 Francja
96%
1702 Włochy
96%
1559 Kanada
95%
1724 Niemcy
95%
1760 Portugalia
95%
1682 Stany Zjednoczone
95%
1557 Ukraina
95%
1756 Holandia
94%
1650 Japonia
94%
1731 Belgia
93%
1553 Norwegia
93%
1676 Meksyk
91%
1525 Rosja
90%
1487 Szwecja
90%
1515 Egipt
89%
1716 Maroko
89%
1655 Szwajcaria
89%
1701 Kolumbia
88%
1673 Urugwaj
88%
1586 Austria
86%
1717 Chorwacja
86%
1574 Australia
85%
1617 Dania
85%
1480 Grecja
85%
1487 Czechy
84%
1506 Serbia
83%
1486 Słowacja
83%
1507 Szkocja
83%
1648 Senegal
80%
1496 Węgry
80%
1599 Korea Południowa
79%
1583 Turcja
78%
1617 Iran
73%
1530 Walia
73%
1502 Nigeria
72%
1466 Rumunia
72%
1518 Algieria
70%
1592 Ekwador
70%
1502 Paragwaj
63%
1490 Wybrzeże Kości Słoniowej
60%
1495 Tunezja
56%
1465 Wenezuela
56%
1464 Kostaryka
54%
1540 Panama
54%
1462 Uzbekistan
30%
Nie znaleziono quizów pasujących do podanych kryteriów
Rozkład punktacji
Procent ludzi z każdym wynikiem
Percentyl według liczby udzielonych odpowiedzi
Twoja historia wyników
Nie rozwiązałeś tego quizu